Modern painters : in 5 volumes. Volume 2, part III

Uložené v:
Podrobná bibliografia
Hlavný autor: Ruskin, John, 1819-1900 (Author)
Médium: Kniha
Jazyk:English
Vydané: London : Routledge, [s.a.].
Vydanie:1 st ed.
ISBN: (viaz.)
Fyzický popis: 248 s.
Tagy: Pridať tag
Žiadne tagy, Buďte prvý kto otaguje tento záznam!

MARC

LEADER 00000nam a22000003a 4500
001 000422708
005 20130620174104.0
008 120329s19uu xxk e | |eng d
020 |a (viaz.)  |c Kčs 75,00 (I.-V.) 
040 |a SVKKK  |b slo  |c SVKKK  |e AACR2 
041 0 |a eng 
044 |a xxk  |c GB 
100 1 |a Ruskin, John,  |d 1819-1900  |4 aut 
245 1 0 |a Modern painters :  |b in 5 volumes.  |n Volume 2, part III  |c by John Ruskin. 
250 |a 1 st ed. 
260 |a London :  |b Routledge,  |c [s.a.]. 
300 |a 248 s. 
500 |a Obsahuje prílohu. 
910 |a svkkk 
998 |a BK 
090 |g SCKHL  |k Sklad Pribinova prízemie  |a I.10124  |j 117684  |i 2720388893  |s Prezenčne